LEADER 00977nam0-22002771i-450- 001 990001676120403321 005 20050927170725.0 035 $a000167612 035 $aFED01000167612 035 $a(Aleph)000167612FED01 035 $a000167612 100 $a20030910d1881----km-y0itay50------ba 101 0 $aita 200 1 $aDecreti portanti alcune aggiunte e modificazioni alla legge e regolamento sulla sanità pubblica - 13 maggio 1875 e 14 gennaio 1877 - n. 2499 e 3634$fItalia 210 $aTorino$cStamp. Gazzetta del Popolo$d1881 215 $a8 p.$d16 cm 610 0 $aSalute pubblica 676 $a352.4 710 01$aItalia$0423419 801 0$aIT$bUNINA$gRICA$2UNIMARC 901 $aBK 912 $a990001676120403321 952 $a60 340 C 152$b4358$fFAGBC 959 $aFAGBC 996 $aDecreti portanti alcune aggiunte e modificazioni alla legge e regolamento sulla sanità pubblica - 13 maggio 1875 e 14 gennaio 1877 - n. 2499 e 3634$9371137 997 $aUNINA LEADER 02008nam 2200373 n 450 001 996392253103316 005 20200824121655.0 035 $a(CKB)4940000000109222 035 $a(EEBO)2240902196 035 $a(UnM)99864711e 035 $a(UnM)99864711 035 $a(EXLCZ)994940000000109222 100 $a19931208d1648 uy | 101 0 $aeng 135 $aurbn||||a|bb| 200 14$aThe declaration of Duke Hambleton at the head of his army$b[electronic resource] $eupon his joyning with Maj. Gen. Langdale in the north of England, concerning His most Gracious and Dread Soveraign Charkes [sic] King of Great Brittain. Likewise Major Generall Langdales propositions to the Lord Duke, concerning the Kings Majesty, and the Dukes answer thereunto. And the resolution of the Scots Army, with the manner of their march, their trumpets sounding, drums beating, and collours displaying with this motto, For Religion, King and Kingdom. Also the Duke of Buckinghams representation to the Lord Major of London, and his declaration, concerning the Kings Majesty 210 $a[London] $cPrinted for the generall satisfaction of all true subjects$d1648 215 $a[2], 6 p 300 $aPlace of publication from Wing. 300 $aIn fact only three letters, one signed on p.5: A.H. (i.e. James Hamilton), and two signed on p.6: G. Buckingham (i.e. George Villiers Buckingham). 300 $aAnnotation on Thomason copy: "July 9th". 300 $aReproduction of the original in the British Library. 330 $aeebo-0018 607 $aGreat Britain$xHistory$yCivil War, 1642 1649$vEarly works to 1800 700 $aHamilton$b James Hamilton$cDuke of,$f1606-1649.$01005102 701 $aBuckingham$b George Villiers$cDuke of,$f1628-1687.$0793404 801 0$bCu-RivES 801 1$bCu-RivES 801 2$bCStRLIN 801 2$bWaOLN 906 $aBOOK 912 $a996392253103316 996 $aThe declaration of Duke Hambleton at the head of his army$92354996 997 $aUNISA